000 01787nam0a2200385 4500
001 RU\NLR\bibl\579525
005 20260405075608.0
010 _a5-17-023418-X
021 _aRU
_b2004-30074
_91513
035 _aRSL-KNO-002437672
035 _a(NLR Aleph) 000571541
090 _a1595693
_c1595693
100 _a20040525d2004 |||y0rusy50 ca
101 0 _arus
102 _aRU
_aUA
105 _aa |||||||||
106 _ar
200 1 _aПитание детей до одного года
_e[Практ. пособие
_fавт.-сост. Жукова Ирина Николаевна]
210 _aМ.
_cАСТ
_aДонецк
_cСталкер
_d2004
215 _a190, [1] с.
_cил.
_d20
225 1 _aРецепты здоровья
606 0 _aГрудные дети
_jПопулярные издания
_xПитание
_91284608
_3RU\NLR\auth\66212534
610 0 _aЗдравоохранение. Медицинские науки -- Гигиена детей и подростков -- Гигиена детей грудного возраста -- Питание -- Популярные издания
610 0 _aПищевые производства -- Общественное питание. Кулинария -- Специальная кулинария -- Детская кулинария -- Рецепты
686 _aР128.919-37я9
_2rubbk
686 _aЛ996.3я27
_2rubbk
686 _aР128.919-37я9
702 1 _4220
_8rus
_7ca
_aЖукова
_bИ. Н.
_cпопуляризатор
_gИрина Николаевна
_3RU\NLR\AUTH\7727077
_910114
801 0 _aRU
_bRuMoRKP
_c20040525
_gPSBO
801 1 _aRU
_bRuMoRGB
_c20040525
801 2 _aRU
_bNLR
_c20041202
_gPSBO
830 _aСост. по кн9
942 _cBOOK
980 _aNB